<?xml version="1.0" encoding="UTF-8"?>
<record
    xmlns:xsi="http://www.w3.org/2001/XMLSchema-instance"
    xsi:schemaLocation="http://www.loc.gov/MARC21/slim http://www.loc.gov/standards/marcxml/schema/MARC21slim.xsd"
    xmlns="http://www.loc.gov/MARC21/slim">

  <leader>01166nam a22003017a 4500</leader>
  <datafield tag="999" ind1=" " ind2=" ">
    <subfield code="c">162095</subfield>
    <subfield code="d">162095</subfield>
  </datafield>
  <controlfield tag="005">20190813154941.0</controlfield>
  <datafield tag="010" ind1=" " ind2=" ">
    <subfield code="a">1819CHEN   B-728146-166</subfield>
  </datafield>
  <datafield tag="020" ind1=" " ind2=" ">
    <subfield code="c">299.00</subfield>
    <subfield code="a">9780241356333</subfield>
  </datafield>
  <datafield tag="035" ind1=" " ind2=" ">
    <subfield code="a">B-728146-166</subfield>
  </datafield>
  <datafield tag="035" ind1=" " ind2=" ">
    <subfield code="a">B-728584</subfield>
  </datafield>
  <datafield tag="037" ind1=" " ind2=" ">
    <subfield code="b">Blueberry</subfield>
    <subfield code="a">dpl</subfield>
  </datafield>
  <datafield tag="082" ind1=" " ind2=" ">
    <subfield code="a">954.035092</subfield>
  </datafield>
  <datafield tag="100" ind1=" " ind2=" ">
    <subfield code="a">Bailey, Diane</subfield>
  </datafield>
  <datafield tag="245" ind1=" " ind2=" ">
    <subfield code="a">Gandhi /</subfield>
    <subfield code="c">by Diane Bailey ; illustrated by Chartlotte Ager </subfield>
  </datafield>
  <datafield tag="260" ind1=" " ind2=" ">
    <subfield code="b">Dorling Kindersley</subfield>
    <subfield code="a">London</subfield>
    <subfield code="c">2019</subfield>
  </datafield>
  <datafield tag="270" ind1=" " ind2=" ">
    <subfield code="b">London</subfield>
    <subfield code="a">80 Strand </subfield>
    <subfield code="e">WC2R 0RL</subfield>
  </datafield>
  <datafield tag="300" ind1=" " ind2=" ">
    <subfield code="a">128p.:</subfield>
    <subfield code="c">20cm(Hb)</subfield>
    <subfield code="b">col. ill.</subfield>
  </datafield>
  <datafield tag="490" ind1=" " ind2=" ">
    <subfield code="a">DK life stories</subfield>
  </datafield>
  <datafield tag="500" ind1=" " ind2=" ">
    <subfield code="a">Includes bibliographical references and index</subfield>
  </datafield>
  <datafield tag="500" ind1=" " ind2=" ">
    <subfield code="a">Airport</subfield>
  </datafield>
  <datafield tag="600" ind1=" " ind2=" ">
    <subfield code="a">Gandhi, Mahatma, </subfield>
    <subfield code="d">1869-1948 </subfield>
    <subfield code="v">Juvenile literature.</subfield>
  </datafield>
  <datafield tag="650" ind1=" " ind2=" ">
    <subfield code="a">Statesmen</subfield>
    <subfield code="v">Biography </subfield>
    <subfield code="v">Juvenile literature.</subfield>
    <subfield code="z">India </subfield>
  </datafield>
  <datafield tag="650" ind1=" " ind2=" ">
    <subfield code="a">Nationalists </subfield>
    <subfield code="v">Biography </subfield>
    <subfield code="v">Juvenile literature.</subfield>
    <subfield code="z">India </subfield>
  </datafield>
  <datafield tag="700" ind1=" " ind2=" ">
    <subfield code="a">Ager, Charlotte </subfield>
  </datafield>
  <datafield tag="942" ind1=" " ind2=" ">
    <subfield code="2">ddc</subfield>
    <subfield code="c">CH</subfield>
    <subfield code="m">GAN</subfield>
    <subfield code="h">954.035092</subfield>
  </datafield>
  <datafield tag="952" ind1=" " ind2=" ">
    <subfield code="0">0</subfield>
    <subfield code="1">0</subfield>
    <subfield code="4">0</subfield>
    <subfield code="7">0</subfield>
    <subfield code="8">NFIC</subfield>
    <subfield code="a">M</subfield>
    <subfield code="b">M</subfield>
    <subfield code="d">2019-05-06</subfield>
    <subfield code="e">Blueberry/IN2863/18-19/30-03-19/599/13-03-19/18-4-19</subfield>
    <subfield code="g">299.00</subfield>
    <subfield code="l">0</subfield>
    <subfield code="o">954.035092 GAN</subfield>
    <subfield code="p">B-728146</subfield>
    <subfield code="r">2019-05-06 00:00:00</subfield>
    <subfield code="t">20</subfield>
    <subfield code="v">299.00</subfield>
    <subfield code="y">CH</subfield>
    <subfield code="z">AAI(CSR)</subfield>
  </datafield>
  <datafield tag="952" ind1=" " ind2=" ">
    <subfield code="0">0</subfield>
    <subfield code="1">0</subfield>
    <subfield code="4">0</subfield>
    <subfield code="7">0</subfield>
    <subfield code="8">NFIC</subfield>
    <subfield code="a">M</subfield>
    <subfield code="b">M</subfield>
    <subfield code="d">2019-05-06</subfield>
    <subfield code="e">Blueberry/IN2863/18-19/30-03-19/599/13-03-19/18-4-19</subfield>
    <subfield code="g">299.00</subfield>
    <subfield code="l">0</subfield>
    <subfield code="o">954.035092 GAN</subfield>
    <subfield code="p">B-728147</subfield>
    <subfield code="r">2019-05-06 00:00:00</subfield>
    <subfield code="t">20</subfield>
    <subfield code="v">299.00</subfield>
    <subfield code="y">CH</subfield>
    <subfield code="z">AAI(CSR)</subfield>
  </datafield>
  <datafield tag="952" ind1=" " ind2=" ">
    <subfield code="0">0</subfield>
    <subfield code="1">0</subfield>
    <subfield code="4">0</subfield>
    <subfield code="7">0</subfield>
    <subfield code="8">NFIC</subfield>
    <subfield code="a">M</subfield>
    <subfield code="b">M</subfield>
    <subfield code="d">2019-05-06</subfield>
    <subfield code="e">Blueberry/IN2863/18-19/30-03-19/599/13-03-19/18-4-19</subfield>
    <subfield code="g">299.00</subfield>
    <subfield code="l">0</subfield>
    <subfield code="o">954.035092 GAN</subfield>
    <subfield code="p">B-728148</subfield>
    <subfield code="r">2019-05-06 00:00:00</subfield>
    <subfield code="t">20</subfield>
    <subfield code="v">299.00</subfield>
    <subfield code="y">CH</subfield>
    <subfield code="z">AAI(CSR)</subfield>
  </datafield>
  <datafield tag="952" ind1=" " ind2=" ">
    <subfield code="0">0</subfield>
    <subfield code="1">0</subfield>
    <subfield code="4">0</subfield>
    <subfield code="7">0</subfield>
    <subfield code="8">NFIC</subfield>
    <subfield code="a">M</subfield>
    <subfield code="b">M</subfield>
    <subfield code="d">2019-05-06</subfield>
    <subfield code="e">Blueberry/IN2863/18-19/30-03-19/599/13-03-19/18-4-19</subfield>
    <subfield code="g">299.00</subfield>
    <subfield code="l">0</subfield>
    <subfield code="o">954.035092 GAN</subfield>
    <subfield code="p">B-728149</subfield>
    <subfield code="r">2019-05-06 00:00:00</subfield>
    <subfield code="t">20</subfield>
    <subfield code="v">299.00</subfield>
    <subfield code="y">CH</subfield>
    <subfield code="z">AAI(CSR)</subfield>
  </datafield>
  <datafield tag="952" ind1=" " ind2=" ">
    <subfield code="0">0</subfield>
    <subfield code="1">0</subfield>
    <subfield code="4">0</subfield>
    <subfield code="7">0</subfield>
    <subfield code="8">NFIC</subfield>
    <subfield code="a">M</subfield>
    <subfield code="b">M</subfield>
    <subfield code="d">2019-05-06</subfield>
    <subfield code="e">Blueberry/IN2863/18-19/30-03-19/599/13-03-19/18-4-19</subfield>
    <subfield code="g">299.00</subfield>
    <subfield code="l">0</subfield>
    <subfield code="o">954.035092 GAN</subfield>
    <subfield code="p">B-728150</subfield>
    <subfield code="r">2019-05-06 00:00:00</subfield>
    <subfield code="t">20</subfield>
    <subfield code="v">299.00</subfield>
    <subfield code="y">CH</subfield>
    <subfield code="z">AAI(CSR)</subfield>
  </datafield>
  <datafield tag="952" ind1=" " ind2=" ">
    <subfield code="0">0</subfield>
    <subfield code="1">0</subfield>
    <subfield code="4">0</subfield>
    <subfield code="7">0</subfield>
    <subfield code="8">NFIC</subfield>
    <subfield code="a">M</subfield>
    <subfield code="b">M</subfield>
    <subfield code="d">2019-05-06</subfield>
    <subfield code="e">Blueberry/IN2863/18-19/30-03-19/599/13-03-19/18-4-19</subfield>
    <subfield code="g">299.00</subfield>
    <subfield code="l">0</subfield>
    <subfield code="o">954.035092 GAN</subfield>
    <subfield code="p">B-728151</subfield>
    <subfield code="r">2019-05-06 00:00:00</subfield>
    <subfield code="t">20</subfield>
    <subfield code="v">299.00</subfield>
    <subfield code="y">CH</subfield>
    <subfield code="z">AAI(CSR)</subfield>
  </datafield>
  <datafield tag="952" ind1=" " ind2=" ">
    <subfield code="0">0</subfield>
    <subfield code="1">0</subfield>
    <subfield code="4">0</subfield>
    <subfield code="7">0</subfield>
    <subfield code="8">NFIC</subfield>
    <subfield code="a">M</subfield>
    <subfield code="b">M</subfield>
    <subfield code="d">2019-05-06</subfield>
    <subfield code="e">Blueberry/IN2863/18-19/30-03-19/599/13-03-19/18-4-19</subfield>
    <subfield code="g">299.00</subfield>
    <subfield code="l">0</subfield>
    <subfield code="o">954.035092 GAN</subfield>
    <subfield code="p">B-728152</subfield>
    <subfield code="r">2019-05-06 00:00:00</subfield>
    <subfield code="t">20</subfield>
    <subfield code="v">299.00</subfield>
    <subfield code="y">CH</subfield>
    <subfield code="z">AAI(CSR)</subfield>
  </datafield>
  <datafield tag="952" ind1=" " ind2=" ">
    <subfield code="0">0</subfield>
    <subfield code="1">0</subfield>
    <subfield code="4">0</subfield>
    <subfield code="7">0</subfield>
    <subfield code="8">NFIC</subfield>
    <subfield code="a">M</subfield>
    <subfield code="b">M</subfield>
    <subfield code="d">2019-05-06</subfield>
    <subfield code="e">Blueberry/IN2863/18-19/30-03-19/599/13-03-19/18-4-19</subfield>
    <subfield code="g">299.00</subfield>
    <subfield code="l">0</subfield>
    <subfield code="o">954.035092 GAN</subfield>
    <subfield code="p">B-728153</subfield>
    <subfield code="r">2019-05-06 00:00:00</subfield>
    <subfield code="t">20</subfield>
    <subfield code="v">299.00</subfield>
    <subfield code="y">CH</subfield>
    <subfield code="z">AAI(CSR)</subfield>
  </datafield>
  <datafield tag="952" ind1=" " ind2=" ">
    <subfield code="0">0</subfield>
    <subfield code="1">0</subfield>
    <subfield code="4">0</subfield>
    <subfield code="7">0</subfield>
    <subfield code="8">NFIC</subfield>
    <subfield code="a">M</subfield>
    <subfield code="b">M</subfield>
    <subfield code="d">2019-05-06</subfield>
    <subfield code="e">Blueberry/IN2863/18-19/30-03-19/599/13-03-19/18-4-19</subfield>
    <subfield code="g">299.00</subfield>
    <subfield code="l">0</subfield>
    <subfield code="o">954.035092 GAN</subfield>
    <subfield code="p">B-728154</subfield>
    <subfield code="r">2019-05-06 00:00:00</subfield>
    <subfield code="t">20</subfield>
    <subfield code="v">299.00</subfield>
    <subfield code="y">CH</subfield>
    <subfield code="z">AAI(CSR)</subfield>
  </datafield>
  <datafield tag="952" ind1=" " ind2=" ">
    <subfield code="0">0</subfield>
    <subfield code="1">0</subfield>
    <subfield code="4">0</subfield>
    <subfield code="7">0</subfield>
    <subfield code="8">NFIC</subfield>
    <subfield code="a">M</subfield>
    <subfield code="b">M</subfield>
    <subfield code="d">2019-05-06</subfield>
    <subfield code="e">Blueberry/IN2863/18-19/30-03-19/599/13-03-19/18-4-19</subfield>
    <subfield code="g">299.00</subfield>
    <subfield code="l">0</subfield>
    <subfield code="o">954.035092 GAN</subfield>
    <subfield code="p">B-728155</subfield>
    <subfield code="r">2019-05-06 00:00:00</subfield>
    <subfield code="t">20</subfield>
    <subfield code="v">299.00</subfield>
    <subfield code="y">CH</subfield>
    <subfield code="z">AAI(CSR)</subfield>
  </datafield>
  <datafield tag="952" ind1=" " ind2=" ">
    <subfield code="0">0</subfield>
    <subfield code="1">0</subfield>
    <subfield code="4">0</subfield>
    <subfield code="7">0</subfield>
    <subfield code="8">NFIC</subfield>
    <subfield code="a">M</subfield>
    <subfield code="b">M</subfield>
    <subfield code="d">2019-05-06</subfield>
    <subfield code="e">Blueberry/IN2863/18-19/30-03-19/599/13-03-19/18-4-19</subfield>
    <subfield code="g">299.00</subfield>
    <subfield code="l">0</subfield>
    <subfield code="o">954.035092 GAN</subfield>
    <subfield code="p">B-728156</subfield>
    <subfield code="r">2019-05-06 00:00:00</subfield>
    <subfield code="t">20</subfield>
    <subfield code="v">299.00</subfield>
    <subfield code="y">CH</subfield>
    <subfield code="z">AAI(CSR)</subfield>
  </datafield>
  <datafield tag="952" ind1=" " ind2=" ">
    <subfield code="0">0</subfield>
    <subfield code="1">0</subfield>
    <subfield code="4">0</subfield>
    <subfield code="7">0</subfield>
    <subfield code="8">NFIC</subfield>
    <subfield code="a">M</subfield>
    <subfield code="b">M</subfield>
    <subfield code="d">2019-05-06</subfield>
    <subfield code="e">Blueberry/IN2863/18-19/30-03-19/599/13-03-19/18-4-19</subfield>
    <subfield code="g">299.00</subfield>
    <subfield code="l">0</subfield>
    <subfield code="o">954.035092 GAN</subfield>
    <subfield code="p">B-728157</subfield>
    <subfield code="r">2019-05-06 00:00:00</subfield>
    <subfield code="t">20</subfield>
    <subfield code="v">299.00</subfield>
    <subfield code="y">CH</subfield>
    <subfield code="z">AAI(CSR)</subfield>
  </datafield>
  <datafield tag="952" ind1=" " ind2=" ">
    <subfield code="0">0</subfield>
    <subfield code="1">0</subfield>
    <subfield code="4">0</subfield>
    <subfield code="7">0</subfield>
    <subfield code="8">NFIC</subfield>
    <subfield code="a">M</subfield>
    <subfield code="b">M</subfield>
    <subfield code="d">2019-05-06</subfield>
    <subfield code="e">Blueberry/IN2863/18-19/30-03-19/599/13-03-19/18-4-19</subfield>
    <subfield code="g">299.00</subfield>
    <subfield code="l">0</subfield>
    <subfield code="o">954.035092 GAN</subfield>
    <subfield code="p">B-728158</subfield>
    <subfield code="r">2019-05-06 00:00:00</subfield>
    <subfield code="t">20</subfield>
    <subfield code="v">299.00</subfield>
    <subfield code="y">CH</subfield>
    <subfield code="z">AAI(CSR)</subfield>
  </datafield>
  <datafield tag="952" ind1=" " ind2=" ">
    <subfield code="0">0</subfield>
    <subfield code="1">0</subfield>
    <subfield code="4">0</subfield>
    <subfield code="7">0</subfield>
    <subfield code="8">NFIC</subfield>
    <subfield code="a">M</subfield>
    <subfield code="b">M</subfield>
    <subfield code="d">2019-05-06</subfield>
    <subfield code="e">Blueberry/IN2863/18-19/30-03-19/599/13-03-19/18-4-19</subfield>
    <subfield code="g">299.00</subfield>
    <subfield code="l">0</subfield>
    <subfield code="o">954.035092 GAN</subfield>
    <subfield code="p">B-728159</subfield>
    <subfield code="r">2019-05-06 00:00:00</subfield>
    <subfield code="t">20</subfield>
    <subfield code="v">299.00</subfield>
    <subfield code="y">CH</subfield>
    <subfield code="z">AAI(CSR)</subfield>
  </datafield>
  <datafield tag="952" ind1=" " ind2=" ">
    <subfield code="0">0</subfield>
    <subfield code="1">0</subfield>
    <subfield code="4">0</subfield>
    <subfield code="7">0</subfield>
    <subfield code="8">NFIC</subfield>
    <subfield code="a">M</subfield>
    <subfield code="b">M</subfield>
    <subfield code="d">2019-05-06</subfield>
    <subfield code="e">Blueberry/IN2863/18-19/30-03-19/599/13-03-19/18-4-19</subfield>
    <subfield code="g">299.00</subfield>
    <subfield code="l">0</subfield>
    <subfield code="o">954.035092 GAN</subfield>
    <subfield code="p">B-728160</subfield>
    <subfield code="r">2019-05-06 00:00:00</subfield>
    <subfield code="t">20</subfield>
    <subfield code="v">299.00</subfield>
    <subfield code="y">CH</subfield>
    <subfield code="z">AAI(CSR)</subfield>
  </datafield>
  <datafield tag="952" ind1=" " ind2=" ">
    <subfield code="0">0</subfield>
    <subfield code="1">0</subfield>
    <subfield code="4">0</subfield>
    <subfield code="7">0</subfield>
    <subfield code="8">NFIC</subfield>
    <subfield code="a">M</subfield>
    <subfield code="b">M</subfield>
    <subfield code="d">2019-05-06</subfield>
    <subfield code="e">Blueberry/IN2863/18-19/30-03-19/599/13-03-19/18-4-19</subfield>
    <subfield code="g">299.00</subfield>
    <subfield code="l">0</subfield>
    <subfield code="o">954.035092 GAN</subfield>
    <subfield code="p">B-728161</subfield>
    <subfield code="r">2019-05-06 00:00:00</subfield>
    <subfield code="t">20</subfield>
    <subfield code="v">299.00</subfield>
    <subfield code="y">CH</subfield>
    <subfield code="z">AAI(CSR)</subfield>
  </datafield>
  <datafield tag="952" ind1=" " ind2=" ">
    <subfield code="0">0</subfield>
    <subfield code="1">0</subfield>
    <subfield code="4">0</subfield>
    <subfield code="7">0</subfield>
    <subfield code="8">NFIC</subfield>
    <subfield code="a">M</subfield>
    <subfield code="b">M</subfield>
    <subfield code="d">2019-05-06</subfield>
    <subfield code="e">Blueberry/IN2863/18-19/30-03-19/599/13-03-19/18-4-19</subfield>
    <subfield code="g">299.00</subfield>
    <subfield code="l">0</subfield>
    <subfield code="o">954.035092 GAN</subfield>
    <subfield code="p">B-728162</subfield>
    <subfield code="r">2019-05-06 00:00:00</subfield>
    <subfield code="t">20</subfield>
    <subfield code="v">299.00</subfield>
    <subfield code="y">CH</subfield>
    <subfield code="z">AAI(CSR)</subfield>
  </datafield>
  <datafield tag="952" ind1=" " ind2=" ">
    <subfield code="0">0</subfield>
    <subfield code="1">0</subfield>
    <subfield code="4">0</subfield>
    <subfield code="7">0</subfield>
    <subfield code="8">NFIC</subfield>
    <subfield code="a">M</subfield>
    <subfield code="b">M</subfield>
    <subfield code="d">2019-05-06</subfield>
    <subfield code="e">Blueberry/IN2863/18-19/30-03-19/599/13-03-19/18-4-19</subfield>
    <subfield code="g">299.00</subfield>
    <subfield code="l">0</subfield>
    <subfield code="o">954.035092 GAN</subfield>
    <subfield code="p">B-728163</subfield>
    <subfield code="r">2019-05-06 00:00:00</subfield>
    <subfield code="t">20</subfield>
    <subfield code="v">299.00</subfield>
    <subfield code="y">CH</subfield>
    <subfield code="z">AAI(CSR)</subfield>
  </datafield>
  <datafield tag="952" ind1=" " ind2=" ">
    <subfield code="0">0</subfield>
    <subfield code="1">0</subfield>
    <subfield code="4">0</subfield>
    <subfield code="7">0</subfield>
    <subfield code="8">NFIC</subfield>
    <subfield code="a">M</subfield>
    <subfield code="b">M</subfield>
    <subfield code="d">2019-05-06</subfield>
    <subfield code="e">Blueberry/IN2863/18-19/30-03-19/599/13-03-19/18-4-19</subfield>
    <subfield code="g">299.00</subfield>
    <subfield code="l">0</subfield>
    <subfield code="o">954.035092 GAN</subfield>
    <subfield code="p">B-728164</subfield>
    <subfield code="r">2019-05-06 00:00:00</subfield>
    <subfield code="t">20</subfield>
    <subfield code="v">299.00</subfield>
    <subfield code="y">CH</subfield>
    <subfield code="z">AAI(CSR)</subfield>
  </datafield>
  <datafield tag="952" ind1=" " ind2=" ">
    <subfield code="0">0</subfield>
    <subfield code="1">0</subfield>
    <subfield code="4">0</subfield>
    <subfield code="7">0</subfield>
    <subfield code="8">NFIC</subfield>
    <subfield code="a">M</subfield>
    <subfield code="b">M</subfield>
    <subfield code="d">2019-05-06</subfield>
    <subfield code="e">Blueberry/IN2863/18-19/30-03-19/599/13-03-19/18-4-19</subfield>
    <subfield code="g">299.00</subfield>
    <subfield code="l">0</subfield>
    <subfield code="o">954.035092 GAN</subfield>
    <subfield code="p">B-728165</subfield>
    <subfield code="r">2019-05-06 00:00:00</subfield>
    <subfield code="t">20</subfield>
    <subfield code="v">299.00</subfield>
    <subfield code="y">CH</subfield>
    <subfield code="z">AAI(CSR)</subfield>
  </datafield>
  <datafield tag="952" ind1=" " ind2=" ">
    <subfield code="0">0</subfield>
    <subfield code="1">0</subfield>
    <subfield code="4">0</subfield>
    <subfield code="7">0</subfield>
    <subfield code="8">NFIC</subfield>
    <subfield code="a">L</subfield>
    <subfield code="b">L</subfield>
    <subfield code="d">2019-05-06</subfield>
    <subfield code="e">Blueberry/IN2863/18-19/30-03-19/599/13-03-19/18-4-19</subfield>
    <subfield code="g">299.00</subfield>
    <subfield code="l">1</subfield>
    <subfield code="o">954.035092 GAN</subfield>
    <subfield code="p">B-728166</subfield>
    <subfield code="r">2019-07-31 00:00:00</subfield>
    <subfield code="s">2019-07-28</subfield>
    <subfield code="t">1</subfield>
    <subfield code="v">299.00</subfield>
    <subfield code="y">CH</subfield>
    <subfield code="z">AAI(CSR)</subfield>
  </datafield>
  <datafield tag="952" ind1=" " ind2=" ">
    <subfield code="0">0</subfield>
    <subfield code="1">0</subfield>
    <subfield code="4">0</subfield>
    <subfield code="7">0</subfield>
    <subfield code="8">NFIC</subfield>
    <subfield code="a">AV</subfield>
    <subfield code="b">AV</subfield>
    <subfield code="d">2019-08-13</subfield>
    <subfield code="e">Gift/05.08.2019</subfield>
    <subfield code="g">299.00</subfield>
    <subfield code="l">0</subfield>
    <subfield code="o">954.035092 GAN</subfield>
    <subfield code="p">B-728584</subfield>
    <subfield code="r">2019-08-13 00:00:00</subfield>
    <subfield code="t">1</subfield>
    <subfield code="v">299.00</subfield>
    <subfield code="w">2019-08-13</subfield>
    <subfield code="y">CH</subfield>
  </datafield>
</record>
